Music Quiz

Random Music or Song Quiz

Songs on 'Reputation' Quiz Stats

 Plays Quiz Updated Nov 10, 2017

Challenge
Share
Tweet
Embed
Score 0/15 Timer 05:00
1 Play Today
Track Song % Correct
6Look What You Made Me Do
93.8%
1...Ready for It?
90.4%
2End Game
84.7%
8Gorgeous
84.7%
15New Year's Day
81.5%
12Dress
79.8%
5Delicate
79%
14Call It What You Want
78.9%
Track Song % Correct
9Getaway Car
77.8%
3I Did Something Bad
76.1%
13This Is Why We Can't Have Nice Things
73%
10King of My Heart
72.4%
7So It Goes...
71.9%
4Don't Blame Me
71.7%
11Dancing with Our Hands Tied
68.9%

You're not logged in!

Compare scores with friends on all Sporcle quizzes.
OR
Log In

You Might Also Like...

Show Comments

Extras

Top Quizzes Today


Score Distribution

Your Account Isn't Verified!

In order to create a playlist on Sporcle, you need to verify the email address you used during registration. Go to your Sporcle Settings to finish the process.

Report this User

Report this user for behavior that violates our Community Guidelines.

Details: